000 00735nam a2200229 4500
003 OSt
005 20240628025608.0
006 a
008 240628b |||||||| |||| 00| 0 eng d
020 _a9780521711234
040 _aDWCL-Main lib.
_cOC
082 _2Second edition
_aCirc. 620.001518 M712f 2010
100 _aMoin, Parviz
245 _aFundamentals of engineering numerical analysis /
250 _aSecond edition
260 _aCambridge:
_bCambridge University Press,
_cc2010.
300 _axiv,
_b241 p. : ill. ;
_c26 cm.
504 _aIncludes bibliographical references and index.
650 _a1. Engineering mathematics.
650 _a2. Numerical analysis.
942 _2ddc
_n0
_cBK-CIRC
_eSecond edition
_kCirc.
999 _c1563
_d1563